000 01060nam a2200289 i 4500
001 000011470
003 DO-SdBNP
005 20250217075013.0
007 ta
008 091019s1998 dr 000 j spa d
040 _aDO-SdBNP
_bspa
_cBNPHU
_erda
041 _hspa
082 _aRD863.44
_bA696i
_222
100 1 _aArias, Aurora,
_d1962-
_eautor
_924278
245 1 0 _aInvi's paradise :
_by otros relatos /
_cAurora Arias.
264 _aSanto Domingo :
_bCrítica canadiense sobre escritoras hispanoamericanas,
_c1998.
300 _a132 páginas ;
_c18 cm.
336 _ardacontent
_btexto
_2txt
337 _ardamedia
_bsin mediación
_2n
338 _ardacarrier
_bvolumen
_2nc
505 0 _aInvi´s paradise --
_tLakers versus Bulls --
_tSon gringos tó --
_tHoy en la oficina --
_tCalle Caribe --
_tMacuteo --
_tLupe --
_tLa boda Gil --
_tCartas a Paco --
_tOh, Bavaria.
590 _aInventariado, 2019/MFF
650 4 _aCuentos dominicanosa
_927158
650 0 _aLiteratura dominicana.
_967
910 _aValidado. Control de calidad MFF
942 _2ddc
_cLBS1
999 _c11171
_d11171